000
00297nam a22001217a 4500
008
171127b xxu||||| |||| 00| 0 eng d
041
_a
eng
080
_a
7
100
_a
44
101
_a
ART
245
_a
ANIMALS IN ART AND THOUGHT TO THE END OF THE MIDDLE AGES
_c
KLINGENDER, F
942
_2
udc
_c
BK
999
_c
38579
_d
38579